000 00434nam a2200193Ia 4500
003 OSt
005 20221005131951.0
006 a|||||r|||| 00| 0
007 ta
008 221004b |||||||| |||| 00| 0 eng d
024 _a112067
037 _cTextual
040 _aCRL
_cCRL
_beng
041 _2eng
_aeng
245 0 _aTanjanji the making of a nation
260 _c1961
942 _cTEXL
_2cc
999 _c1061989
_d1061989